Every 2025 NBA Playoff Team - Statistics

General Stats
  • This quiz has been taken 168 times
  • The average score is 19 of 20
Answer Stats
Hint Answer % Correct
E1 Cleveland Cavaliers
99%
W3 Los Angeles Lakers
99%
W1 Oklahoma City Thunder
99%
W7 Golden State Warriors
98%
E2 Boston Celtics
96%
W2 Houston Rockets
96%
E4 Indiana Pacers
96%
E3 New York Knicks
96%
W4 Denver Nuggets
94%
E5 Milwaukee Bucks
94%
E10 Miami Heat
93%
W6 Minnesota Timberwolves
93%
W5 Los Angeles Clippers
92%
E7 Orlando Magic
92%
W8 Memphis Grizzlies
90%
W10 Dallas Mavericks
89%
E6 Detroit Pistons
89%
E9 Chicago Bulls
88%
W9 Sacramento Kings
87%
E8 Atlanta Hawks
86%
No matching quizzes found
Score Distribution
Percent of People with Each Score
Percentile by Number Answered
Your Score History
You have not taken this quiz